Transfer Pricing

Gespeichert in:
Bibliographische Detailangaben
1. Verfasser: Simonidesová, Jana, 1968-
Format: Buchkapitel
Sprache:Englisch
Schlagworte:
Tags: Tag hinzufügen
Keine Tags, Fügen Sie das erste Tag hinzu!

MARC

LEADER 00000naa$a2200000$$$4500
001 0269192
005 20240502074221.1
041 0 |a eng 
044 |a SK 
245 1 0 |a Transfer Pricing  |c Jana Simonidesová 
500 |a abstrakt 
610 2 0 |a oceňovanie transferové 
610 2 0 |a spoločnosti nadnárodné 
610 2 0 |a zdaňovanie medzinárodné 
610 2 0 |a ceny transferové 
100 1 |a Simonidesová, Jana, 1968-